00492nam a2200121Ia 4500008004100000100001900041245010700060245008400167260004900251260000900300650001300309856004800322170221s9999 xx 000 0 und d aDavid G. Meyer aImplemented strategy in the automobile parts supply sector: Direct and indirect effects on performance cDavid G. Meyer, Meyer & Associates; Steve Dunphy, Indiana University Northwest. bJournal of Management and Marketing Research c2013 xBusiness uhttp://www.aabri.com/manuscripts/142057.pdf